Revue Francaise d'Économie

Gespeichert in:
Bibliographische Detailangaben
Format: Schriftenreihe
Sprache:Französisch
Veröffentlicht: Paris S.A.R.L. 1996
Schlagworte:
Tags: Tag hinzufügen
Keine Tags, Fügen Sie das erste Tag hinzu!

MARC

LEADER 00000nas2a2200000 4500
001 s108050
005 20221221071513.9
022 |a 0769-0479 
041 0 |a fre 
044 |a FR 
245 1 0 |a Revue Francaise d'Économie 
264 1 |a Paris  |b S.A.R.L.  |c 1996 
300 |a 1 zv. 
773 0 |w eu_un_cat*s120273 
610 2 0 |a ekonómia